Постановка задачи для разработки ИС учета игровых подходов в обучении; Прогрессивные технологии и экономика в машиностроении

Bibliografiske detaljer
Parent link:Прогрессивные технологии и экономика в машиностроении.— 2020.— [С. 149-151]
Hovedforfatter: Степанов М. А.
Institution som forfatter: Национальный исследовательский Томский политехнический университет Юргинский технологический институт
Andre forfattere: Молнина Е. В. Елена Владимировна (научный руководитель)
Summary:Заглавие с экрана
Рассмотрены положительные и отрицательные аспекты обучения через онлайн-среды с применением игровых методов обучения, поставлена задача разработки.
Sprog:russisk
Udgivet: 2020
Serier:Информационные технологии, экономика, управление
Fag:
Online adgang:http://earchive.tpu.ru/handle/11683/59281
Format: MixedMaterials Electronisk Book Chapter
KOHA link:https://koha.lib.tpu.ru/cgi-bin/koha/opac-detail.pl?biblionumber=631068

MARC

LEADER 00000naa2a2200000 4500
001 631068
005 20231102024516.0
035 |a (RuTPU)RU\TPU\conf\32749 
035 |a RU\TPU\conf\32748 
090 |a 631068 
100 |a 20200519d2020 k y0rusy50 ca 
101 0 |a rus 
102 |a RU 
105 |a y z 101zy 
135 |a drcn ---uucaa 
181 0 |a i  
182 0 |a b 
200 1 |a Постановка задачи для разработки ИС учета игровых подходов в обучении  |f М. А. Степанов  |g науч. рук. Е. В. Молнина 
203 |a Текст  |c электронный 
225 1 |a Информационные технологии, экономика, управление 
230 |a 1 компьютерный файл (pdf; 278 Kb) 
300 |a Заглавие с экрана 
320 |a [Библиогр.: с. 151 (5 назв.)] 
330 |a Рассмотрены положительные и отрицательные аспекты обучения через онлайн-среды с применением игровых методов обучения, поставлена задача разработки. 
463 0 |0 (RuTPU)RU\TPU\conf\32707  |t Прогрессивные технологии и экономика в машиностроении  |o сборник трудов XI Всероссийской научно-практической конференции для студентов и учащейся молодежи, 9-11 апреля 2020 г., Юрга  |f Национальный исследовательский Томский политехнический университет (ТПУ), Юргинский технологический институт (ЮТИ) ; под ред. С. А. Солодского  |v [С. 149-151]  |d 2020 
610 1 |a электронный ресурс 
610 1 |a труды учёных ТПУ 
610 1 |a игровые элементы 
610 1 |a геймификация 
610 1 |a образование 
610 1 |a самостоятельные работы 
610 1 |a цифровизация 
610 1 |a игровые подходы 
610 1 |a электронное обучение 
610 1 |a образовательный процесс 
700 1 |a Степанов  |b М. А. 
702 1 |a Молнина  |b Е. В.  |c специалист в области информатики и вычислительной техники  |c старший преподаватель Юргинского технологического института (филиала) Томского политехнического университета  |f 1967-  |g Елена Владимировна  |2 stltpush  |4 727  |9 10732 
712 0 2 |a Национальный исследовательский Томский политехнический университет  |b Юргинский технологический институт  |c (2009- )  |h 349  |2 stltpush  |3 (RuTPU)RU\TPU\col\15903 
801 2 |a RU  |b 63413507  |c 20200525  |g RCR 
856 4 |u http://earchive.tpu.ru/handle/11683/59281 
942 |c BK